000 00801nam a2200241Ia 4500
003 OSt
005 20220926002829.0
006 a|||||r|||| 00| 0
007 ta
008 220923b |||||||| |||| 00| 0 eng d
020 _a9788125036913
_c403.75
037 _bDU23, 15/03/2011, INDEPENDENT PUBLISHERS GROUP
_cGeneral Book
040 _aRTL
_cRTL
_beng
041 _2eng
_aeng
082 _aV237.N38<-J03, M4
100 _aSARKAR Jadunath
_973861
245 0 _aHistory of Jaipur
_b c. 1503-1938. Edited by Raghubir Sinh.
260 _a New Delhi
_bOrient Blackswan
_c1984
300 _axxii, 405p
_ccm.
650 _aSociology
942 _hV237.N38<-J03, M4
_cGB
_2CC
999 _c606127
_d606127